00959nam a22002537a 450000500170000001000130001702000220003003500130005203700160006504000120008108200190009310000240011224500870013626000410022327000340026430000250029850000200032365000280034365000320037194200280040399900190043195201260045095201290057620170124110152.0 aA-760448 c00.00a8172244797 aA-760448 bCen Lib/Ret aDPLbEN a658.31124bRAE aRae, Leslie9100924 aThe skills of training : cby Leslie Raeba guide for managers and practitioners / aBombaybJaico Publishing Housec1995 a121 M G RoadbBombaye400 001 aix, 212p. c20cm(Hb) aIncludes index  aTraining manuals934240 aOccupational training98886 2ddccENh658.31124mRAE c132290d132290 00104070aLbLd2015-07-21eCen Lib/Retg0.00l0o658.31124 RAEpA-760448r2015-07-21 00:00:00t1v0.00w2015-07-21yEN 00104070aLbLd2015-07-22eCen Lib/Ret g0.00l0o658.31124 RAEpA-798152r2015-07-22 00:00:00t2v0.00w2016-09-15yEN